Southville International School and Colleges
Your cart is empty.
  • Cart
  • Lists
    Public lists Eva Luna New books Lux_list list_1
    Your lists Log in to create your own lists
  • Log in to your account
  • Your cookies
  • Search history
Southville International School and Colleges
  • Advanced search
  • Recent comments
  • Most popular
  • Libraries

Log in to your account

Log in with GOOGLE


If you do not have an external account, but do have a local account, you can still log in:

  1. Home
  2. MARC view: The big book of time :
Normal view MARC view ISBD view

The big book of time : (Record no. 112349)

[ view plain ]
MARC details
000 -LEADER
fixed length control field 00519nam a2200157 a 4500
001 - CONTROL NUMBER
control field 3946
005 - DATE AND TIME OF LATEST TRANSACTION
control field 20140414131934.0
008 - FIXED-LENGTH DATA ELEMENTS--GENERAL INFORMATION
fixed length control field 040714s19uu xx 00 eng d
020 ## - INTERNATIONAL STANDARD BOOK NUMBER
International Standard Book Number 1-84028-086-7
050 ## - LIBRARY OF CONGRESS CALL NUMBER
Classification number REF 529.1
Item number Ed1 1994
245 ## - TITLE STATEMENT
Title The big book of time :
Remainder of title a magical adventure through seconds, seasons and light-years of the universe /
Statement of responsibility, etc William Edmonds.
260 ## - PUBLICATION, DISTRIBUTION, ETC. (IMPRINT)
Place of publication, distribution, etc London :
Name of publisher, distributor, etc Marshall Pub.,
Date of publication, distribution, etc 1994.
300 ## - PHYSICAL DESCRIPTION
Extent 45 p. : ill. ; cm.
650 ## - SUBJECT ADDED ENTRY--TOPICAL TERM
Topical term or geographic name as entry element Interval of time
General subdivision Juvenile literature.
Holdings
Withdrawn status Lost status Damaged status Use restrictions Home library Current library Shelving location Date acquired Source of acquisition Total Checkouts Full call number Barcode Date last seen Price effective from Koha item type
        Munich Library Munich Library Reference Section 07/14/2004     REF 529.1 Ed1 1994 M3634 04/14/2014 04/14/2014 Books

The big book of time :

APA

(1994). The big book of time. London: Marshall Pub.

Chicago

1994. The big book of time. London: Marshall Pub.

Harvard

(1994). The big book of time. London: Marshall Pub.

MLA

The big book of time. London: Marshall Pub. 1994.

  • Place hold
  • Print
  • Cite
  • Add to your cart (remove)
  • Save record
    BIBTEX Dublin Core MARCXML MARC (non-Unicode/MARC-8) MARC (Unicode/UTF-8) MARC (Unicode/UTF-8, Standard) MODS (XML) RIS
  • More searches
    Search for this title in:
    Other Libraries (WorldCat) Other Databases (Google Scholar) Online Stores (Bookfinder.com) Open Library (openlibrary.org)

Exporting to Dublin Core...

SOUTHVILLE LIBRARY

Southville International School and Colleges Library

1281 Tropical Ave. Cor. Luxembourg St., BF Homes International, Las Pinas City

Tel. No. 8256374 / 252358 Loc. 117/146

Powered by Koha